000 00511nam a2200181 i 4500
001 109425
003 ES-MaACL
005 20230906184835.0
007 t|
008 061121s1969 sp r ||||1| spa d
080 _a811.361'367.63
100 1 _aMúgica Berrondo, Plácido.
_9153901
245 1 0 _aAfijos vascos /
_cPlácido Mújica.
260 _aBilbao :
_bMensajero,
_c1969.
300 _a78 p. ;
_c16 cm.
650 4 _aLengua vasca-
_xSufijos y prefijos.
_9153902
852 _aES-MaACL
_jC-53612
_bR.72361
999 _c109425
_d109425